| 000 | 00468nam a2200181Ia 4500 | ||
|---|---|---|---|
| 008 | 131103s9999 xx 000 0 und d | ||
| 020 |
_a345439074 _cGBP:7.99 |
||
| 040 | _aLoreto College | ||
| 041 | _aEnglish | ||
| 082 |
_aF/CRI _bLCLIB/42661 |
||
| 100 | _aCrichton,Michael | ||
| 245 |
_aTimeline _cMichael Crichton |
||
| 260 |
_aNew York _bBallantine Books _c1999 |
||
| 300 |
_a496 p. _c 17 cm. |
||
| 650 | _aFiction in English | ||
| 850 | _aLCLIB | ||
| 942 | _cBK | ||
| 999 |
_c15627 _d66106 |
||